000 00479nam a2200205Ia 4500
003 0100
008 130307s9999 xx 000 0 und d
040 _cARRUPELIB
050 _aHQ76.I68 1971
245 _aIs gay good?
245 _bethics, theology, and homosexuality
260 _aPhiladelphia
260 _bThe Westminster Press
260 _c1971
300 _a287p.
300 _b19cm.
650 _aSEX
700 _aOberholtzer, W. Dwight (ed.)
942 0 0 _01
999 _c100099
_d100099